000 00750nam a22002297a 4500
003 UA-OsUOA
001 70989
007 ta
008 20100928b un ||||| |||| 00| 0 ukr d
090 _a502.3:58(477)
_bЧ-45
942 _cBK
040 _aUA-OsUOA
_bukr
_cUA-OsUOA
_dUA-OsUOA
245 _aЧервона книга України. Рослинний світ
_cза ред. Дідуха Я. П.
300 _a900 с.
955 _a2
041 _aukr
080 _a502.3:58(477)
020 _a978-966-97059-0-7
260 _aК.
_bГлобалконсалтинг
_c2009
650 7 _a502 Природа. Дослідження природи та її збереження. Захист живої природи
_2UDC
999 _c357259
_d357259